| 000 | 00706nam a2200253 i 4500 | ||
|---|---|---|---|
| 003 | DO-SdBNP | ||
| 005 | 20230704102101.0 | ||
| 006 | a||||gr|||| 00| 0 | ||
| 007 | ta | ||
| 008 | 230704e19? pr adc|| |||| 00| 0 spa d | ||
| 040 |
_aDO-SdBNP _bspa _cBNPHU _erda |
||
| 082 |
_bC283 _222 |
||
| 100 | _942723 | ||
| 245 | 1 | 0 |
_aCarlitos : _blibro de lectura cuato año |
| 264 |
_aSanto Domingo : _bLibreria Mella, _c[sin fecha] |
||
| 300 |
_a121 páginas : _bIlustraciones, retratos ; _c23 cm. |
||
| 336 |
_2rdaconten _atexto _btxt |
||
| 337 |
_2rdamedia _asin medición _bn |
||
| 338 |
_2rdacarrier _avolumen _bnc |
||
| 490 | _aCoquito | ||
| 590 | _aInventariado 2023 / DG | ||
| 910 | _aDG | ||
| 942 |
_2ddc _cLBS1 |
||
| 999 |
_c54074 _d54074 |
||